• 首页
  • 本馆介绍
  • 公告通知
  • 最新文献
  • 馆藏检索
  • 电子资源
  • 读者导购
  • 参考咨询
  • 我的图书馆
  • 登录
  • 详细信息显示
  • 放入我的书架
  • 预约/预借图书
  • 作者相关作品
  • 分类相关作品
  • 丛书相关作品
  • 出版社相关作品

书目信息

  • 表格格式
  • 工作单格式
  • 卡片格式
题名:
人脑的教育
    
 
作者: 波斯纳 , 罗特巴特 著 ;周加仙 译
分册:  
出版信息: 北京   教育科学出版社  2011.01
页数: 244页
开本: 24cm
丛书名: 脑与学习科学新视野译丛
单 册:
中图分类: R338.2
科图分类:
主题词: 脑科学--研究 , 脑科学
电子资源:
ISBN: 978-7-5041-5132-2
000 01360oam2 2200337 450
001 010050008630
005 20120321102416.92
010    @a978-7-5041-5132-2@dCNY38.00
100    @a20110127d2011 em y0chiy0110 ea
101 1  @achi@ceng
102    @aCN@b110000
105    @aa z 001yy
106    @ar
200 1  @a人脑的教育@9ren nao de jiao yu@dEducation the humain brain@f(美)迈克尔·I.波斯纳(Michael I. Posner),(美)玛丽·K.罗特巴特(Mary K. Rothbart)著@g周加仙等译@zeng
210    @a北京@c教育科学出版社@d2011.01
215    @a244页@c图@d24cm
225 2  @a脑与学习科学新视野译丛
304    @a北京师范大学认知神经科学与学习,国家重点实验室脑科学与教育应用研究中心组织翻译
305    @a由美国心理协会授权
320    @a有索引
330    @a本书总结了最近几十年来有关人类认知与情绪发展过程的研究,阐述了婴幼儿注意与自我调节机制的发展,详细描述了语言、阅读、计算等加工过程的神经机制以及遗传与环境对神经机制的影响。
461  0 @12001 @a脑与学习科学新视野译丛@1701 0@a董奇@4主编
510 1  @aEducation the humain brain@zeng
606 0  @a脑科学@x研究
606 0  @a脑科学
690    @aR338.2@v4
701  0 @c(美)@a波斯纳@9bo si na@c(Posner, Michael I.)@4著
701  0 @c(美)@a罗特巴特@9luo te ba te@c(Rothbart, Mary K.)@4著
702  0 @a周加仙@9zhou jia xian@4译
801  0 @aCN@bRENTIAN@c20110127
905    @b538701-05@dR338.2@e214@f5
    
    人脑的教育=Education the humain brain/(美)迈克尔·I.波斯纳(Michael I. Posner),(美)玛丽·K.罗特巴特(Mary K. Rothbart)著/周加仙等译.-北京:教育科学出版社,2011.01
    244页:图;24cm.-(脑与学习科学新视野译丛)
    
    
    ISBN 978-7-5041-5132-2:CNY38.00
    本书总结了最近几十年来有关人类认知与情绪发展过程的研究,阐述了婴幼儿注意与自我调节机制的发展,详细描述了语言、阅读、计算等加工过程的神经机制以及遗传与环境对神经机制的影响。
●
相关链接 在E读中查询图书 在五车中查询图书 在当当中查询图书 在豆瓣中查询图书


正题名:人脑的教育     索取号:R338.2/214         预约/预借

序号 登录号 条形码 馆藏地/架位号 状态 备注
1 538701   205387017   第二样本阅览室/ [索取号:R338.2/214] 在馆    
2 538702   205387026   第三借阅区/ [索取号:R338.2/214] 在馆    
3 538703   205387035   教育系资料室/ [索取号:R338.2/214] 在馆    
4 538704   205387044   教育系资料室/ [索取号:R338.2/214] 在馆    
5 538705   205387053   第三借阅区/ [索取号:R338.2/214] 在馆    
唐山师范学院图书馆 欢迎您!
大连网信软件有限公司© 版权所有